Examination of water, chemical and bacteriological /

Bibliographic Details
Main Author: Mason, William Pitt, 1853-1937
Format: Book
Language:English
Published: New York : John Wiley & sons, inc.; [etc., etc.], [1917]
Edition:5th ed.,
Subjects:

MARC

Tag First Indicator Second Indicator Subfields
LEADER 00000cam a2200000 4500
001 in00000044893
005 20151007065123.0
008 760724s1917 nyu 00000 eng
010 |a  17023059  
035 |a (OCoLC)02330052 
035 |9 AAE1325AM 
040 |a DLC  |c TOL  |d TXA  |d UtOrBLW 
049 |a TXAM  |c 2 [20321]  
050 0 0 |a TD380  |b .M44 1917 
092 |a 543.3  |b M412e5 
100 1 |a Mason, William Pitt,  |d 1853-1937. 
245 1 0 |a Examination of water, chemical and bacteriological /  |c by William P. Mason ... 
250 |a 5th ed.,  |b thoroughly rev., total issue, nine thousand. 
264 1 |a New York :  |b John Wiley & sons, inc.; [etc., etc.],  |c [1917] 
264 4 |c ©1917 
300 |a vi, 186 pages :  |b including illustrations, plates. ;  |c 20 cm. 
336 |a text  |b txt  |2 rdacontent 
337 |a unmediated  |b n  |2 rdamedia 
338 |a volume  |b nc  |2 rdacarrier 
650 0 |a Water  |x Analysis. 
999 |a MARS 
999 f f |s 9a68e9dc-948a-3fcb-a322-3bddeb5b6f80  |i be73ed23-d7ea-3c9d-8ae4-adeda849e6f0  |t 0 
952 f f |p ric  |a Texas A&M University  |b Rellis Campus  |c Joint Library Facility  |d Remote Storage  |t 0  |e TD380 .M44 1917  |h Library of Congress classification  |i unmediated -- volume  |m A14800939523 
998 f f |a TD380 .M44 1917  |t 0  |l Remote Storage